000 00515nam a2200157Ia 4500
999 _c35245
_d35245
003 OSt
005 20201217114033.0
008 190216s9999||||xx |||||||||||||| ||und||
040 _coclc
082 _a491.432
_bBAH/B
100 _aBahri, Hardev
_97620
245 0 _aBrehuth Agrozi Hindi Kosh = Comprehensive English-Hindi Dictionary /
_cHardev Bahri
260 _bJnanamandal Limited,
_c1969.
_aVaranasi:
650 _aHindi Dictionary
942 _cREF
_2ddc
_h491.432
_iBAH/B
_k491.432
_mBAH/B